C for windows animation programming

Bibliographic Details
Main Author: Adams, Lee
Format: Book
Published: New York : McGraw-Hill , 1993
Subjects:

MARC

LEADER 00000cam a2200000 7i4500
001 0000002332
002 000002539
005 20080303.0
020 |a 0830638105 
090 0 0 |a 006.6762   |b ADA 
100 1 |a Adams, Lee 
245 1 0 |a C for windows animation programming   |c Lee Adams 
260 |a New York :   |b McGraw-Hill ,   |c 1993 
300 |a 634p. ;   |c 23cm. 
650 0 0 |a Windows (Computer programs) 
999 |a 035793   |b BUKU   |c PINJAMAN   |e PERPUSTAKAAN KOMUNITI PETALING JAYA 
999 |a 035794   |b BUKU   |c PINJAMAN   |e PERPUSTAKAAN KOMUNITI PETALING JAYA